|
|
|
|
| LEADER |
00000nam a2200000 a 4500 |
| 001 |
vtls008311816 |
| 003 |
SK-MaSNL |
| 005 |
20260331204047.0 |
| 008 |
181127s1958 xo 000 slo |
| 015 |
|
|
|a SKSNBA1959/01-00166
|
| 035 |
|
|
|a SK01SNK19590004033
|
| 035 |
|
|
|a SKM000006496
|
| 040 |
|
|
|a SNK
|b slo
|c SNK
|e AACR2
|
| 041 |
1 |
|
|a slo
|
| 044 |
|
|
|a xo
|c SK
|
| 080 |
|
|
|a 398.8
|2 1981
|
| 080 |
|
|
|a 885.4-1
|2 1981
|
| 100 |
1 |
|
|a Gašparová, Eleonóra,
|d 1925-2010
|4 com
|9 102413
|
| 245 |
1 |
0 |
|a Mám ja milučkého, mám
|b z ľudovej ľúbostnej poézie
|c výber priprav. E. Gašparová ; ilustr. Štefan Cpin
|
| 260 |
|
|
|a Bratislava
|b Mladé letá
|c 1958
|e Martin
|f Tlačiarne SNP
|
| 300 |
|
|
|a 165, [9] s. [10] obr. príl.
|c 8°
|
| 500 |
|
|
|a Pozn. nap. Jozef Štolc
|
| 521 |
|
|
|a Pre čitateľov od 15 rokov
|
| 563 |
|
|
|a 5270 výtl.
|
| 650 |
0 |
7 |
|a piesne ľudové ľúbostné slovenské
|x výbery
|2 SNK
|9 342466
|
| 650 |
0 |
7 |
|a poézia ľudová slovenská
|x výbery
|2 SNK
|9 342467
|
| 655 |
|
7 |
|a umelecká literatúra
|2 SNKPH
|9 60405
|
| 700 |
1 |
|
|a Cpin, Štefan,
|d 1919-1971
|4 ill
|9 117258
|
| 700 |
1 |
|
|a Štolc, Jozef,
|d 1908-1981
|4 oth
|9 106873
|
| 852 |
|
|
|a Slovenská národná knižnica v Martine
|b 10000
|h SD 16539
|
| 852 |
|
|
|a Slovenská národná knižnica v Martine
|b 10000
|h SD 16539 D1
|
| 919 |
|
|
|a brož.
|
| 958 |
|
|
|a OND
|
| 958 |
|
|
|a TL
|
| 958 |
|
|
|a LX
|
| 958 |
|
|
|a RK
|
| 999 |
|
|
|c 587729
|d 589659
|
| 952 |
|
|
|a SNK
|b SNK
|y PREZ
|7 0
|o snkSD 16539
|i snkKSP 137/59
|0 0
|1 0
|4 0
|d 2008-11-06
|l 0
|r 2026-02-23 15:14:27
|w 2026-02-23
|
| 952 |
|
|
|a SNK
|b SNK
|y VYP
|7 0
|p 17A0152574
|o snkSD 16539 D1
|i snkKSP 138/59
|0 0
|1 0
|4 0
|d 2008-11-06
|l 0
|r 2026-02-23 15:14:27
|w 2026-02-23
|
| 952 |
|
|
|a SNKLM
|b SNKLM
|y NEVYP
|7 0
|o snklmMK 6752
|8 3
|0 0
|1 0
|4 0
|d 2008-11-06
|l 0
|r 2026-02-23 15:14:27
|w 2026-02-23
|